Normal view MARC view
  • Agenjo Calderón, Astrid

Entry Nombre Personal

Number of records used in: 1

001 - NUMERO DE CONTROL

  • campo de control: 48129

003 - IDENTIFICADOR DE NUMERO DE CONTROL

  • campo de control: DLC

005 - FECHA Y HORA DE LA ÜLTIMA TRANSACCIÓN

  • campo de control: 20230307192344.0

008 - DATOS DE LONGITUD FIJA

  • campo de control de longitud fija: 230117n| aznnnaabn |a aaa d

010 ## - NÚMERO DE CONTROL DE LA BIBLIOTECA DEL CONGRESO

  • Número de control LC: n 2023002726

040 ## - FUENTE DE CATALOGACIÓN

  • Agencia original de catalogación: DLC
  • Lenguaje de catalogación: spa
  • Description conventions: rda
  • Agencia de transcripción: DLC
  • Agencia que lo modifica: MX-MxUPN

100 1# - ENCABEZAMIENTO - NOMBRE PERSONAL

  • Nombre personal: Agenjo Calderón, Astrid

373 ## - GRUPO ASOCIADO

  • Associated group: Universidad Pablo de Olavide de Sevilla. Departamento de Economía, Métodos Cuantitativos e Historia Económica

400 1# - VEÁSE - NOMBRE DE PERSONA

  • Personal name: Calderón, Astrid Agenjo

670 ## - FUENTE EN LA QUE SE LOCALIZARON DATOS

  • Cita de la fuente: Economía política feminista, c2021:
  • Información localizada: portada (Astrid Agenjo Calderón) solapa posterior (Profesora en el Departamento de Economía, Métodos Cuantitativos e Historia Económica de la Universidad Pablo de Olavide de Sevilla).

902 ## - CATALOGADOR

  • Catalogador: VíctorGodínez/070323